| 000 | 00526nam a22002177a 4500 | ||
|---|---|---|---|
| 003 | OSt | ||
| 005 | 20240216153505.0 | ||
| 008 | 240216b |||||||| |||| 00| 0 eng d | ||
| 020 | _a978--81-7758-325-0 | ||
| 040 | _cTrident | ||
| 082 | _a515.15 | ||
| 100 |
_aGeorge B. Thomas,Jr. _945369 |
||
| 245 | _aCalculus and Analytic Geometry | ||
| 250 | _a9th | ||
| 260 |
_aUttar Pradesh _bPearson _c2022 |
||
| 300 | _a1157,T-5 | ||
| 500 | _a2 | ||
| 650 | _2Mathematics | ||
| 700 |
_aRoss L.Finney _945370 |
||
| 942 |
_2ddc _cBK _n0 |
||
| 999 |
_c61104 _d61104 |
||